Responses for Show #750 - Friday, December 4, 1987

Contestants

[<< previous game]

Alice Cohen, a labratory technician from Port Washington, New York

Paul Katz, a lawyer from Daytona Beach, Florida

Bob Harrenga, an informational specialist originally from South Dakota (whose 1-day cash winnings total $14,000)

[next game >>]

Jeopardy! Round responses

ART
WOMEN
CHILDREN'S SONGS
WORLD CAPITALS
SPORTS LEGENDS
"PINK"
    $100 26
watercolor

Paul
    $100 1
Vanna White

Alice
    $100 18
"Pop Goes the Weasel"

Paul
    $100 6
Monaco

Bob
    $100 10
Jesse Owens

Bob
    $100 2
Pink Carnation

Alice
    $200 27
Lyndon Johnson

Paul
    $200 16
West Point

Alice
    $200 19
(Bob: What is "Mary Had a Little Lamb"?)

"Little Bo Peep"

Bob
Triple Stumper
    $200 7
Simón Bolívar

Bob
    $200 12
Babe Zaharias

Paul
    $200 3
pink elephants

Alice
    $300 28
Henri Rousseau

Triple Stumper
    $300 23
(Alice: Who is Margaret Thatcher?)
(Bob: Who is Princess Di?)

Fergie (Sarah Ferguson)

BobPaulAlice
    $300 20
"Sing a Song of Sixpence"

Alice
    $300 8
Georgetown

Bob
    $300 13
Kentucky

Paul
    $300 4
pinko

Alice
    $400 29
Bauhaus

Triple Stumper
    $400 24
(Paul: What is Women's Wear Daily?)

USA Today

Paul
Triple Stumper
    $400 21
"Puff, the Magic Dragon"

Alice
    $400 9
Port

Paul
    $400 14
Joe Namath

Paul
    $400 5
pink panther

Bob
    $200 30
[Alex holds up two fancy eggs.]
...
(Paul: What is Georgia?)
(Alex: Ukrainian Easter eggs, very beautifully done. Whoops! [off camera pretends to drop the eggs] And very delicate for someone's hands like mine.)
[Laughter]

Ukraine

Paul
    $500 25
Baby M (Melissa Stern)

Alice
    $500 22
"Rubber Ducky"

Alice
    $500 11
La Paz

Paul
    $500 15
(Paul: Who is Alice Marble?)

Althea Gibson

BobPaul
    $500 17
(Alex: I think it might be kind of fun to see a woman show up at the office like that, but that's only my point of view.)
[Laughter]

pink slip

Alice

Scores at the first commercial break (after clue 15):

Bob Paul Alice
$1,600 $1,300 $700

Scores at the end of the Jeopardy! Round:

Bob Paul Alice
$1,100 $1,400 $2,800

Double Jeopardy! Round responses

PRESIDENTS' RELIGIONS
WEATHER
THE MOVIES
AUTHORS
IN THE MOUTH
"RED"
    $200 7
John Kennedy

Alice
    $200 2
California

Alice
    $200 11
western

Paul
    $200 22
(Alex: We've got a minute to go.)

Whitman

Alice
    $200 17
Wrigley's

Paul
    $200 3
redwood

Alice
    $400 26
(1 of ) Jimmy Carter (Truman or Harding)

Alice
    $400 5
cyclone (tornado, twister)

Paul
    $400 1
The Poseidon Adventure

Bob
    $400 23
poetry

Paul
    $400 18
tartar

Paul
    $400 4
red letter day

Paul
    $600 27
Van Buren

Paul
    $600 6
(Alice: What is...um...?)

Washington, D.C.

BobAlice
    $600 12
Eddie Fisher

Triple Stumper
    $600 24
(Paul: Who is Tolstoy?)
[Alex read the clue with a pause after "crime" and as if there were no quotes.]

Dostoyevsky

BobPaul
    $600 19
whistle

Alice
    $800 8
(Alice: What is a salmon, a red, uh... [*]?)

red salmon

Alice
    $800 28
(Paul: ...What is Unitarian?)

[The end-of-round signal sounds.]

they had none

Paul
    $800 15
(Alice: What is a gale warning?)

small craft warning (small craft advisory)

PaulAlice
    $800 13
(Paul: What is New York?)

Los Angeles

Paul
Triple Stumper
    $800 25
Saul Bellow

Triple Stumper
    $800 20
penguin

Paul
    $800 9
redeye gravy

Alice
    $1000 16
American Meteorological Society

Paul
    $1000 14
Hedy Lamarr

Triple Stumper
    $1000 21
salivary

Alice
    $1000 10
Redhead

Bob

Scores at the end of the Double Jeopardy! Round:

Bob Paul Alice
$3,700 $4,400 $5,800

[wagering suggestions for these scores]

Final Jeopardy! Round responses

FAMOUS BATTLES
BobWhat was the Alamo
$3,700
PaulWhat was the Alamo?
$4,300
AliceWhere is the Alamo?
$3,001
the Alamo

Final scores:

Bob Paul Alice
$7,400 $8,700 $8,801
3rd place: Oneida Silversmiths gift certificate for stainless flatware & silver-plated hollowware 2nd place: Admiral Home Appliances refrigerator à la mode with party ice & Emerson 10" color TV with electronic tuning New champion: $8,801

Game dynamics:

Coryat scores:

Bob Paul Alice
$3,700 $5,400 $5,600
10 R,
2 W
19 R,
6 W
(including 2 DDs)
19 R
(including 1 DD),
3 W

Combined Coryat: $14,700

[game clues] [game scores] [suggest correction]

Game tape date: 1987-08-31
The J! Archive is created by fans, for fans. Scraping, republication, monetization, and malicious use prohibited; this site may use cookies and collect identifying information. See terms. The Jeopardy! game show and all elements thereof, including but not limited to copyright and trademark thereto, are the property of Jeopardy Productions, Inc. and are protected under law. This website is not affiliated with, sponsored by, or operated by Jeopardy Productions, Inc. Join the discussion at JBoard.tv.